000 00325nam a2200097Ia 4500
008 241105s9999 xx 000 0 und d
041 _aeng
100 _aPendharkar Sangeeta
245 _aFeasibility Study Of Generation Of Energy From Municipal Solid Waste In Case Of Nagpur, Maharashtra
260 _bBNCA M Arch EA, Pune
_c2017
999 _c361483
_d361483